|
|
|
|
| LEADER |
01254nam a2200253 a 4500 |
| 001 |
4558 |
| 003 |
BD-DhAAL |
| 008 |
130724s1956 bg abc 000 0 eng d |
| 999 |
|
|
|c 13731
|d 13731
|
| 010 |
|
|
|a sa66005997
|
| 040 |
|
|
|a DLC
|c CarP
|d DLC
|d BD-DhAAL
|
| 082 |
0 |
0 |
|a 954.922
|
| 100 |
1 |
|
|a Taifoor, Syed Muhammed.
|9 47982
|
| 245 |
1 |
0 |
|a Glimpses of Old Dhaka :
|b a short historical narration of East Bengal and Aassam with special treatment of dhaka.
|
| 260 |
|
|
|a Dacca :
|b S. M. Perwez,
|c 1956, 1965.
|
| 300 |
|
|
|a xxx, 372 pages,
|a xxiii, 288 pages :
|b illus., map, port. ;
|c 22 cm.
|
| 504 |
|
|
|a Includes bibliographical references and index.
|
| 541 |
|
|
|a Donated By Akbar Ali Khan (38323)
|e 4558, 38323
|
| 651 |
|
0 |
|a Dhaka (Bangladesh)
|x History.
|9 47983
|
| 651 |
|
0 |
|a Eastern Bengal and Assam (India)
|x History.
|9 47984
|
| 852 |
1 |
|
|a Ayesha Abed Library
|c General Stacks
|
| 942 |
|
|
|2 ddc
|c BK
|
| 952 |
|
|
|0 0
|1 0
|2 ddc
|4 0
|6 954_922000000000000_TAI
|7 0
|9 22976
|a BRACUL
|b BRACUL
|c GEN
|d 2013-07-27
|g 0.00
|l 2
|m 35
|o 954.922 TAI
|p 3010004558
|r 2026-01-19
|s 2025-04-13
|t 1
|w 2013-07-27
|y BK
|z Not price in Register
|
| 952 |
|
|
|0 0
|1 0
|2 ddc
|4 0
|6 954_922000000000000_TAI
|7 1
|9 70510
|a BRACUL
|b BRACUL
|c AAKC
|d 2022-04-12
|e Donated by Akbar Ali Khan
|l 0
|o 954.922 TAI
|p 3010038323
|r 2022-04-12
|t 2
|w 2022-04-12
|y BK
|